00281pab a2200121 454500008004000000100001700040245002300057260000900080300000900089362001100098650003000109773002000139180718b1995 xxu||||| |||| 00| 0 eng d aHardwari Lal aFunding education. c1995 ap.11 a12 Jun aEducation, Higher - India aHindustan Times